000 00641nam a2200205Ia 4500
003 LC
005 20160106112651.0
008 140910s9999 xx 000 0 und d
020 _a9780198392118
050 _aQH 315
_b.Al435 2014
100 _aAllott, Andrew.
245 _aBiology :
_bcourse companion
_cAndrew Allott, David Mindorff.
250 _a2nd ed.
260 _aOxford ; New York :
_bOxford University Press,
_cc2014.
300 _a719 pages :
_bcolored, illustration ;
_c28 cm.
650 _aBiology
_xStudy and Teachings.
650 _aExaminations
_xInternational Baccalareate.
650 _aStudy guides
942 _cBK
_2lcc
999 _c275417
_d275417